[Event "Bhopal op"]
[Site "Bhopal"]
[Date "2019.12.22"]
[Round "3"]
[White "Mirzoev, Azer"]
[Black "Darsh, Kansal"]
[Result "1-0"]
[WhiteElo "2457"]
[BlackElo "1793"]
[PlyCount "67"]
[EventDate "2019.12.21"]
[EventType "swiss"]
[EventRounds "10"]
[EventCountry "IND"]
[SourceTitle "CBM 194 Extra"]
[Source "ChessBase"]
[SourceDate "2020.03.31"]
[SourceVersion "1"]
[SourceVersionDate "2020.03.31"]
[SourceQuality "1"]

1. d4 Nf6 2. Nf3 g6 3. Nbd2 Bg7 4. e4 d6 5. c3 0-0 6. Bd3 Nbd7 7. 0-0 e5 8. Re1 Re8 9. h3 Nh5 10. Bf1 Nf8 11. dxe5 dxe5 12. Nc4 Qe7 13. Bg5 f6 14. Be3 Ne6 15. Qb3 Kh8 16. Rad1 b6 17. Qb4 Qxb4 18. cxb4 Bb7 19. Ncd2 f5 20. Nc4 Bxe4 21. Ncxe5 Bxf3 22. Nxf3 Bxb2 23. Bc4 Nhg7 24. Bh6 Bf6 25. Rd7 Rad8 26. Bxe6 Nxe6 27. Rxd8 Bxd8 28. Nd4 c5 29. Rxe6 Rxe6 30. Nxe6 Be7 31. bxc5 bxc5 32. Be3 c4 33. Bxa7 c3 34. Bd4+ 1-0

[Event "New Delhi Parsvnath op-C 16th"]
[Site "New Delhi"]
[Date "2018.01.16"]
[Round "10"]
[White "Darsh, Kansal"]
[Black "Raghunandan, Rohit"]
[Result "0-1"]
[WhiteElo "1468"]
[BlackElo "1546"]
[PlyCount "88"]
[EventDate "2018.01.09"]
[EventType "swiss"]
[EventRounds "10"]
[EventCountry "IND"]
[SourceTitle "CBM 182 Extra"]
[Source "ChessBase"]
[SourceDate "2018.02.23"]
[SourceVersion "1"]
[SourceVersionDate "2018.02.23"]
[SourceQuality "1"]

1. e4 g6 2. d4 Bg7 3. c3 b6 4. Be3 Bb7 5. Bd3 Nf6 6. Nd2 d5 7. e5 Nfd7 8. f4 e6 9. Ngf3 c5 10. 0-0 Nc6 11. Rc1 c4 12. Bb1 b5 13. Re1 Nb6 14. Nf1 a5 15. Ng3 a4 16. a3 Na5 17. Nd2 Nb3 18. Nxb3 axb3 19. Qd2 Na4 20. f5 gxf5 21. Bxf5 Qd7 22. Nh5 0-0-0 23. Bg5 Bf8 24. Bxd8 Qxd8 25. Bb1 Qh4 26. Qe2 Bh6 27. Rcd1 Nxb2 28. Qxb2 Qxh5 29. a4 Rg8 30. axb5 Bf4 31. Qf2 Qxh2+ 32. Kf1 Bg3 33. Qg1 Qxg1+ 34. Kxg1 Bxe1 35. Rxe1 Rg3 36. Rc1 h5 37. Kf2 h4 38. Bh7 Kc7 39. Rh1 Rxc3 40. Bg8 b2 41. Rb1 Rc2+ 42. Kf3 c3 43. Bxf7 Rc1 44. Bg6 c2 0-1

[Event "IND-chT 37th"]
[Site "Bhopal"]
[Date "2017.02.02"]
[Round "1.3"]
[White "Sharma, Dinesh Kumar"]
[Black "Darsh, Kansal"]
[Result "1-0"]
[WhiteElo "2272"]
[BlackElo "1370"]
[PlyCount "91"]
[EventDate "2017.02.02"]
[EventType "team-swiss"]
[EventRounds "9"]
[EventCountry "IND"]
[SourceTitle "CBM 176 Extra"]
[Source "ChessBase"]
[SourceDate "2017.03.02"]
[SourceVersion "1"]
[SourceVersionDate "2017.03.02"]
[SourceQuality "1"]
[WhiteTeam "LIC of India"]
[BlackTeam "Indore Chess Academy"]
[WhiteTeamCountry "IND"]
[BlackTeamCountry "IND"]

1. d4 Nf6 2. Nf3 g6 3. c4 Bg7 4. Nc3 d5 5. Bf4 c6 6. e3 0-0 7. h3 Qa5 8. Qd2 Nbd7 9. Be2 Re8 10. 0-0 Nh5 11. Bh2 dxc4 12. Bxc4 c5 13. a3 a6 14. Rac1 e6 15. dxc5 Qxc5 16. Ne4 Qe7 17. Bd3 e5 18. Bc4 Nb6 19. Bb3 Rd8 20. Qa5 Nd7 21. Qc7 Nhf6 22. Nfg5 Rf8 23. Nxf7 Rxf7 24. Nd6 Ne8 25. Nxc8 Nxc7 26. Nxe7+ Kf8 27. Bxf7 Kxf7 28. Rxc7 Kxe7 29. Rd1 Rd8 30. Rxb7 Ke6 31. Kf1 Bf8 32. Ra7 Bd6 33. Rxa6 Nc5 34. Rc6 Rd7 35. Rdxd6+ Rxd6 36. Rxc5 Rd5 37. Rxd5 Kxd5 38. Bxe5 Kxe5 39. Ke2 Ke4 40. b4 h5 41. b5 Kd5 42. a4 g5 43. b6 Kc6 44. a5 Kb7 45. g4 hxg4 46. hxg4 1-0

[Event "IND-ch U13"]
[Site "Gujarath"]
[Date "2016.07.22"]
[Round "1"]
[White "Shelke, Sankarsha"]
[Black "Darsh, Kansal"]
[Result "1-0"]
[WhiteElo "2165"]
[BlackElo "1323"]
[PlyCount "55"]
[EventDate "2016.07.22"]
[EventType "swiss"]
[EventRounds "11"]
[EventCountry "IND"]
[SourceTitle "EXT 2017"]
[Source "ChessBase"]
[SourceDate "2016.10.25"]
[SourceVersion "1"]
[SourceVersionDate "2016.10.25"]
[SourceQuality "1"]

1. e4 e5 2. Nf3 Nf6 3. Nxe5 d6 4. Nf3 Nxe4 5. d4 d5 6. Bd3 Nc6 7. 0-0 Be7 8. c4 Nb4 9. Be2 Be6 10. a3 Nc6 11. c5 0-0 12. b4 a6 13. Bb2 b6 14. cxb6 cxb6 15. Ne5 Qd6 16. f3 Nf6 17. Bd3 Nd7 18. f4 f5 19. Qe2 b5 20. Re1 Rac8 21. Nd2 Nb6 22. Nb3 Nc4 23. Nxc4 dxc4 24. Qxe6+ Qxe6 25. Rxe6 Rf7 26. Rc1 Na7 27. Rxa6 Bf8 28. Bc2 1-0